[Event "Prague Golden op 13th"]
[Site "Prague"]
[Date "2017.07.09"]
[Round "9"]
[White "Day, Tobias"]
[Black "Scipione, Andrea"]
[Result "1-0"]
[WhiteElo "1315"]
[BlackElo "1312"]
[PlyCount "87"]
[EventDate "2017.07.01"]
[EventType "swiss"]
[EventRounds "9"]
[EventCountry "CZE"]
[SourceTitle "EXT 2018"]
[Source "ChessBase"]
[SourceDate "2017.10.13"]
[SourceVersion "1"]
[SourceVersionDate "2017.10.13"]
[SourceQuality "1"]

1. e4 c5 2. f4 e6 3. Nf3 Ne7 4. Nc3 Nbc6 5. Bc4 d5 6. Bb3 dxe4 7. Nxe4 Ng6 8. d3 Bd6 9. g3 0-0 10. 0-0 e5 11. fxe5 Ncxe5 12. Nxd6 Qxd6 13. Nxe5 Qxe5 14. c3 Bh3 15. Re1 Qd6 16. Qf3 Kh8 17. Qd5 Qb6 18. Be3 Qf6 19. Bxc5 Rfd8 20. Qxf7 Qc6 21. Qf2 Rxd3 22. Re3 Rad8 23. Rxd3 Rxd3 24. Rd1 Rxd1+ 25. Bxd1 a6 26. Bf3 Qd7 27. Qd4 Qe8 28. Qf2 b5 29. Qe3 Qd7 30. Bd4 h6 31. Qxh6+ Kg8 32. Qxg6 Qe7 33. Qe4 Qg5 34. Qe8+ Kh7 35. Qe4+ Kh6 36. Qh4+ Qxh4 37. gxh4 Be6 38. Bb7 a5 39. Bb6 a4 40. Bc6 Bxa2 41. Bxb5 Kh5 42. Bxa4 Kxh4 43. b4 g5 44. Bf2+ 1-0

[Event "Prague Golden op 13th"]
[Site "Prague"]
[Date "2017.07.08"]
[Round "8"]
[White "Scipione, Andrea"]
[Black "Rous, Dominik"]
[Result "1-0"]
[WhiteElo "1312"]
[BlackElo "1148"]
[PlyCount "54"]
[EventDate "2017.07.01"]
[EventType "swiss"]
[EventRounds "9"]
[EventCountry "CZE"]
[SourceTitle "CBM 179 Extra"]
[Source "ChessBase"]
[SourceDate "2017.08.23"]
[SourceVersion "1"]
[SourceVersionDate "2017.08.23"]
[SourceQuality "1"]

1. d4 d5 2. c4 c6 3. Nc3 Bf5 4. Bf4 e6 5. cxd5 cxd5 6. e3 Nf6 7. Bd3 Ne4 8. Nge2 Bd6 9. f3 Nxc3 10. bxc3 Bxd3 11. Qxd3 Bxf4 12. Nxf4 Nc6 13. 0-0 0-0 14. e4 Qc7 15. e5 Ne7 16. Nh5 Qc4 17. Qd2 Rfc8 18. Rac1 Nf5 19. g4 Ne7 20. Qg5 Ng6 21. f4 h6 22. Nf6+ gxf6 23. Qxh6 f5 24. gxf5 exf5 25. Rf3 Qc6 26. Rh3 Nh4 27. Qxh4 Qg6+ 1-0

[Event "Prague Golden op 13th"]
[Site "Prague"]
[Date "2017.07.05"]
[Round "5"]
[White "Nemecek, Pavel2222"]
[Black "Scipione, Andrea"]
[Result "1-0"]
[WhiteElo "1363"]
[BlackElo "1312"]
[PlyCount "97"]
[EventDate "2017.07.01"]
[EventType "swiss"]
[EventRounds "9"]
[EventCountry "CZE"]
[SourceTitle "CBM 179 Extra"]
[Source "ChessBase"]
[SourceDate "2017.08.23"]
[SourceVersion "1"]
[SourceVersionDate "2017.08.23"]
[SourceQuality "1"]

1. e4 c5 2. Nf3 d6 3. d4 cxd4 4. Nxd4 a6 5. Nc3 Nf6 6. f3 e6 7. Be3 Be7 8. Qd2 Nc6 9. 0-0-0 Nxd4 10. Bxd4 0-0 11. g4 b5 12. h4 b4 13. Ne2 d5 14. Bxf6 Bxf6 15. g5 Be7 16. exd5 exd5 17. Qxd5 Qxd5 18. Rxd5 Bb7 19. Rd3 Rfd8 20. Rxd8+ Rxd8 21. Bg2 a5 22. Rd1 Rxd1+ 23. Kxd1 Bd6 24. Nd4 Be5 25. c3 bxc3 26. bxc3 Bd5 27. a3 a4 28. Kc2 Kf8 29. f4 Bxg2 30. fxe5 Be4+ 31. Kd2 Ke7 32. c4 f6 33. gxf6+ gxf6 34. exf6+ Kxf6 35. Kc3 Ke5 36. Nb5 Ke6 37. Kb4 Bd3 38. Nc3 Kd6 39. Nxa4 Kc7 40. Nc3 Kb7 41. a4 Ka8 42. a5 Bf5 43. Kb5 h5 44. Kb6 Bc8 45. a6 Be6 46. c5 Bd7 47. a7 Bc8 48. Nd5 Bd7 49. Nc7# 1-0

[Event "Prague Golden op 13th"]
[Site "Prague"]
[Date "2017.07.04"]
[Round "4"]
[White "Scipione, Andrea"]
[Black "Husa, Daniel"]
[Result "0-1"]
[WhiteElo "1312"]
[BlackElo "1602"]
[PlyCount "58"]
[EventDate "2017.07.01"]
[EventType "swiss"]
[EventRounds "9"]
[EventCountry "CZE"]
[SourceTitle "CBM 179 Extra"]
[Source "ChessBase"]
[SourceDate "2017.08.23"]
[SourceVersion "1"]
[SourceVersionDate "2017.08.23"]
[SourceQuality "1"]

1. d4 c5 2. c3 cxd4 3. cxd4 Nf6 4. Nc3 g6 5. Bg5 Bg7 6. e3 0-0 7. Bd3 Nc6 8. Nge2 d6 9. 0-0 Qb6 10. Qd2 Bd7 11. Rac1 Rac8 12. Bxf6 exf6 13. Ng3 Ne7 14. Qe2 a6 15. Rc2 Rc7 16. h4 Rfc8 17. h5 Qa5 18. a3 f5 19. Qf3 Be6 20. Qf4 Nd5 21. Nxd5 Qxd5 22. Rfc1 Rxc2 23. Bxc2 Qb5 24. h6 Bf8 25. Nh5 Qxb2 26. Rb1 Qxc2 27. Rxb7 Qd1+ 28. Kh2 Qxh5+ 29. Kg1 Rc1# 0-1

[Event "Prague Golden op 13th"]
[Site "Prague"]
[Date "2017.07.03"]
[Round "3"]
[White "Vit, Zdenek"]
[Black "Scipione, Andrea"]
[Result "0-1"]
[WhiteElo "1889"]
[BlackElo "1312"]
[PlyCount "68"]
[EventDate "2017.07.01"]
[EventType "swiss"]
[EventRounds "9"]
[EventCountry "CZE"]
[SourceTitle "CBM 179 Extra"]
[Source "ChessBase"]
[SourceDate "2017.08.23"]
[SourceVersion "1"]
[SourceVersionDate "2017.08.23"]
[SourceQuality "1"]

1. e4 c5 2. Nf3 d6 3. d4 cxd4 4. Nxd4 a6 5. c4 Nf6 6. Nc3 e5 7. Nc2 Be6 8. Be2 Nbd7 9. Bg5 Be7 10. 0-0 Rc8 11. Ne3 0-0 12. Kh1 Qb6 13. b3 Nc5 14. Ned5 Qd8 15. Nxf6+ Bxf6 16. Be3 Be7 17. Rc1 f5 18. exf5 Bxf5 19. Bg4 Bxg4 20. Qxg4 Kh8 21. Rcd1 Nd7 22. Nd5 Nf6 23. Qe2 Nxd5 24. Rxd5 Qd7 25. Rfd1 Rf5 26. c5 e4 27. Rxf5 Qxf5 28. cxd6 Bd8 29. h3 Rc6 30. Qg4 Qf6 31. Qxe4 Qf8 32. d7 Be7 33. h4 h6 34. Qg6 Rxg6 0-1

[Event "Prague Golden op 13th"]
[Site "Prague"]
[Date "2017.07.02"]
[Round "2"]
[White "Plate, Marion Helga"]
[Black "Scipione, Andrea"]
[Result "1-0"]
[WhiteElo "1564"]
[BlackElo "1312"]
[PlyCount "89"]
[EventDate "2017.07.01"]
[EventType "swiss"]
[EventRounds "9"]
[EventCountry "CZE"]
[SourceTitle "CBM 179 Extra"]
[Source "ChessBase"]
[SourceDate "2017.08.23"]
[SourceVersion "1"]
[SourceVersionDate "2017.08.23"]
[SourceQuality "1"]

1. d4 Nf6 2. Bf4 g6 3. e3 Bg7 4. c4 d6 5. h3 0-0 6. Nc3 Nbd7 7. Nf3 Re8 8. Be2 c6 9. Qb3 e5 10. Bh2 e4 11. Nd2 Nb6 12. Bxd6 Qxd6 13. c5 Be6 14. Qc2 Qc7 15. cxb6 Qxb6 16. Ndxe4 Nxe4 17. Nxe4 Bd5 18. Bf3 Bxe4 19. Bxe4 f5 20. Bf3 Bxd4 21. 0-0 Be5 22. Rad1 Qxb2 23. Qxb2 Bxb2 24. Rb1 Be5 25. Rxb7 Rec8 26. Rc1 c5 27. Kf1 Bd6 28. Rd7 Rd8 29. Rxd6 Rxd6 30. Bxa8 Rd8 31. Bc6 Rd2 32. a4 Rd6 33. Rxc5 Kg7 34. Ke2 Kf6 35. a5 h5 36. a6 Ke7 37. Bb7 Rb6 38. Kf3 Rb4 39. Rc6 g5 40. Rc7+ Kd6 41. Rh7 g4+ 42. hxg4 hxg4+ 43. Kg3 Rc4 44. Rh6+ Kc7 45. Rf6 1-0